| 000 | 00856 a2200253 4500 | ||
|---|---|---|---|
| 003 | Nust | ||
| 005 | 20221221110411.0 | ||
| 010 | _a 2004312893 | ||
| 020 | _a8173194858 | ||
| 035 | _a(DLC) 2004312893 | ||
| 040 | _cNust | ||
| 082 | _a621.3841,VER | ||
| 245 | 1 | 0 |
_aVery low frequency (VLF) phenomena / _ceditors, A.R.W. Hughes, Csaba Ferencz, A.K. Gwal. |
| 260 |
_aNew Delhi : _bNarosa Pub. House, _cc2003. |
||
| 300 |
_axvii, 368 p. : _bill. ; _c26 cm. |
||
| 505 | _aInvited Papers (Page-1-230), Contributory Papers (Page-231-368) | ||
| 650 | 0 |
_aVLF emissions _9105484 |
|
| 700 | 1 |
_aFerencz, Csaba, _d1941- _9105485 |
|
| 700 | 1 |
_aGwal, A. K. _9105486 |
|
| 700 | 1 |
_aHughes, A. R. W. _9105487 |
|
| 710 | 2 |
_aBarkatullah University. _9105488 |
|
| 856 | 4 | 1 |
_3Table of contents only _uhttp://www.loc.gov/catdir/toc/fy0702/2004312893.html |
| 942 |
_2ddc _cBK |
||
| 999 |
_c183226 _d183226 |
||